00656nam a2200181Ia 450000500170000000800410001702000180005808200260007610000190010224500460012125000120016726000290017930000120020865000240022094200070024499900190025195202040027020241206164102.0231221s9999 xx 000 0 und d a9780387947235 a001.6424AUT KEN;1 R aKent, Dorothy. 4aThe auto CAD reference guide : release 13 a3rd ed. c1996bSpringeraNew York axi, 613 aauto,CAD,release,13 cAR c233175d233175 r2024-01-26 00:00:00l0o001.6424AUT KEN;1 RpAR823W30v5460.31w2024-01-26yAR102ddc40708ARCH00K1268aFOAbFOAcARCHd2017-03-17eSurya Book Supplierg104.99EARCHGEUROF74.3V31.5URupees